000 00233 a2200109 4500
001 51195
040 _cAnchieta - Pituba
240 1 0 _aPünktchen Und Anton
_l
245 1 0 _aPünktchen Und Anton
650 4 _aLíngua alemã
942 _cMX
999 _c51195
_d51195